00357nam a2200157Ia 450000100040000000500170000400800410002104100080006208200130007010000250008324500380010826000090014630000280015565000080018365400080019177720260306140543.0260306t1982||||xx |||||||||||||| ||spa|| aESP a160bV53 aVerneaux, RogereAUT 0aIntroducción general y lógica c1982 a182 páginas :c21 cm. aGEN aCHU